Harry Potter Character/Actors - Statistics

General Stats
  • This quiz has been taken 575 times
    365 since last reset
  • The average score is 6 of 15
Answer Stats
Hint Answer % Correct
Rubeus Hagrid Robbie Coltrane
76%
Sybill Trelawney Emma Thompson
73%
Barty Crouch Jr. David Tennant
68%
Filius Flitwick Warwick Davis
64%
Dolores Umbridge Imelda Staunton
56%
Alastor 'Mad-Eye' Moody Brendan Gleeson
44%
Arthur Weasley Mark Williams
37%
Narcissa Malfoy Helen McCrory
32%
Madam Hooch Zoë Wanamaker
31%
Dobby Toby Jones
28%
Quirinus Quirrell Ian Hart
19%
Barty Crouch Sr. Roger Lloyd-Pack
18%
Frank Bryce Eric Sykes
17%
Mafalda Hopkirk Jessica Stephenson/Sophie Thompson
14%
Susan Bones Eleanor Columbus
10%
No matching quizzes found
Score Distribution
Percent of People with Each Score
Percentile by Number Answered
Your Score History
You have not taken this quiz since the last reset